The Hidden face of the war in central america /
Gorde:
| Egile nagusia: | |
|---|---|
| Formatua: | Texto |
| Etiketak: |
Etiketa erantsi
Etiketarik gabe, Izan zaitez lehena erregistro honi etiketa jartzen!
|
MARC
| LEADER | 00000 a a2200000 04500 | ||
|---|---|---|---|
| 001 | 48516 | ||
| 003 | |||
| 040 | |||
| 100 | |a O'Docherty Madrazo, Laura | ||
| 245 | |a The Hidden face of the war in central america / |c Laura O'Docherty Madrazo | ||
| 773 | |g volumen 36, número 2, (1988), páginas 93-106 | ||
| 999 | |c 30551 |d 30551 | ||
